000 00310nam a2200133Ia 4500
005 20251222144749.0
008 251222s9999||||xx |||||||||||||| ||spa||
020 _a84-206-2273-7
082 _a901/J25
100 _aJaspers, Karl
245 0 _aOrigen y Meta de la historia
264 _bAlianza
942 _cLIB
999 _c19258
_d19258